| 000 -LEADER |
| fixed length control field |
00488cam a22001097a 4500 |
| 008 - FIXED-LENGTH DATA ELEMENTS--GENERAL INFORMATION |
| fixed length control field |
180718b1985 xxu||||| |||| 00| 0 eng d |
| 082 ## - DEWEY DECIMAL CLASSIFICATION NUMBER |
| Classification number |
B131x52 N811r |
| 245 ## - TITLE STATEMENT |
| Title |
Report of the working group on development of North Eastern Region during the seventh five year plan, March, 1985 |
| Statement of responsibility, etc. |
by Information and Public Relations, North Eastern Council |
| 260 ## - PUBLICATION, DISTRIBUTION, ETC. |
| Place of publication, distribution, etc. |
Shillong |
| Name of publisher, distributor, etc. |
Information and Public Relations |
| Date of publication, distribution, etc. |
1985 |
| 300 ## - PHYSICAL DESCRIPTION |
| Extent |
211p. |
| 700 ## - ADDED ENTRY--PERSONAL NAME |
| Personal name |
North Eastern Council. Information and Public Relations |